000 00286nam a2200109Ia 4500
008 221009s9999 xx 000 0 und d
082 _a920/MIT
100 _aMittal, Dr S S
_915730
245 4 _aThe Social and Political Ideas of Swami Vivekananda
260 _bMetropolitan
942 _cBK
999 _c64768
_d64768